| 000 | 00337nam a2200121Ia 4500 | ||
|---|---|---|---|
| 008 | 150202s9999 xx 000 0 und d | ||
| 050 |
_aFIC _bFIC |
||
| 100 | _aMarton, Sandra. | ||
| 245 | 4 |
_aThe bedroom business / _cSandra Marton. |
|
| 260 |
_aNew York : _bHarlequin Books, _c2000. |
||
| 300 |
_a184 pages : _c18 cm. |
||
| 650 | _aFiction. | ||
| 999 |
_c282235 _d282235 |
||